Industrial psychology (Record no. 207862)

MARC details
000 -LEADER
fixed length control field 00382nam a2200157Ia 4500
008 - FIXED-LENGTH DATA ELEMENTS--GENERAL INFORMATION
fixed length control field 230917s9999||||xx |||||||||||||| ||und||
040 ## - CATALOGING SOURCE
-- 37986
Original cataloging agency VIVEKANANDA LIBRARY
041 ## - Language
-- English
082 ## - DDC NUMBER
Classification number 658.3 M137I
100 ## - MAIN ENTRY--PERSONAL NAME
Personal name McCormick, Ernest J
245 #0 - TITLE STATEMENT
Title Industrial psychology
250 ## - EDITION STATEMENT
Edition statement 6th ed.
260 ## - PUBLICATION, DISTRIBUTION, ETC. (IMPRINT)
Place of publication, distribution, etc New Delhi
Name of publisher, distributor, etc Prentice-Hall
Date of publication, distribution, etc 1979
300 ## - PHYSICAL DESCRIPTION
Pages xii, 625 p.
942 ## - ADDED ENTRY ELEMENTS (KOHA)
Koha item type Books
Holdings
Withdrawn status Lost status Damaged status Not for loan Location (home branch) Sublocation or collection (holding branch) Date acquired Koha issues (times borrowed) Koha full call number Accession No. Koha date last seen Koha item type Source of classification or shelving scheme Shelving location
        VIVEKANANDA LIBRARY VIVEKANANDA LIBRARY 29/08/2002   658.3 M137I 69716 17/09/2023 Books    
        VIVEKANANDA LIBRARY VIVEKANANDA LIBRARY 29/08/2002   658.3 M137I 73161 17/09/2023 Books    
        VIVEKANANDA LIBRARY VIVEKANANDA LIBRARY 29/08/2002   658.3 M137I 92549 17/09/2023 Books    
        VIVEKANANDA LIBRARY VIVEKANANDA LIBRARY 29/08/2002   658.3 M137I 92550 17/09/2023 Books    
Withdrawn   Damaged   VIVEKANANDA LIBRARY VIVEKANANDA LIBRARY 29/08/2002   658.3 M137I 92551 17/09/2023 Books Dewey Decimal Classification IMSAR Library
© Designed and Maintained by Vivekananda Library, MDU Rohtak